| 000 | 01207cam a22003258i 4500 | ||
|---|---|---|---|
| 999 |
_c128773 _d128773 |
||
| 001 | 18552063 | ||
| 003 | ARRUPE | ||
| 005 | 20190114105537.0 | ||
| 008 | 150402s2015 cau 000 0 eng | ||
| 010 | _a 2015011660 | ||
| 020 | _a9781892005281 (trade paper : alk. paper) | ||
| 040 |
_aDLC _beng _cDLC _erda _dDLC |
||
| 042 | _apcc | ||
| 050 | 0 | 0 |
_aBF637.C45 _bR645 2015 |
| 082 | 0 | 0 |
_a153.6 _223 |
| 100 | 1 |
_aRosenberg, Marshall B. _944005 |
|
| 245 | 1 | 0 |
_aNonviolent communication : _ba language of life / _cMarshall B. Rosenberg, PhD. |
| 250 | _a3rd edition. | ||
| 260 |
_aUnited States of America _bPuddle Dancer Press _c2015 |
||
| 263 | _a1509 | ||
| 300 |
_axix, 244p. ; _c23cm. |
||
| 650 | 0 |
_aInterpersonal communication. _99838 |
|
| 650 | 0 |
_aInterpersonal relations. _944006 |
|
| 650 | 0 |
_aNonviolence. _944007 |
|
| 906 |
_a7 _brix _corignew _d1 _eecip _f20 _gy-gencatlg |
||
| 942 |
_2lcc _cMONOGRAPH |
||